000 00466nam a2200145Ia 4500
008 230917s9999||||xx |||||||||||||| ||und||
040 _e174990
_aMAIN
041 _aEnglish
082 _a891.43301731 SS58H
100 _aसंगर, सत्यप्रकाश
245 0 _aहमदमे देरीना की मिलना
260 _aदिल्ली
_bराजकमल प्रकाशन
_c1966
300 _a135 पृ. p.
942 _cHN
999 _c200385
_d200385